Представление документа в формате RUSMARC

ПолеНазваниеЗначение
  Тип записи a
  Библиографический уровень m
001 Контрольный номер RU/SLIB/B/208706068
005 Дата корректировки 20250221162514.9
010 Индекс ISBN __
d Цена 22-00
101 Язык документа 0_
a Язык текста rus
c Язык оригинала rus
200 Заглавие и сведения об ответственности 1_
a Заглавие Введение в языкознание
e Сведения, относящиеся к заглавию учеб. пособие
f Первые сведения об ответственности А. М. Камчатнов, Н. А. Николина
b Общее обозначение материала Текст
210 Выходные данные 1_
a Место издания М.
c Издательство Флинта
c Издательство Наука
d Дата издания 1999
215 Физическое описание __
a Объем 230 с.
606 Тематические рубрики __
a Основная рубрика История языкознания
a Основная рубрика Общее языкознание
a Основная рубрика Теория и философия языка
a Основная рубрика Языкознание
610 Ключевые слова 0_
a Ключевые слова грамматика; звуки (языкознание); онтология; синтаксис; слова; фонетика; этимология; фонология; лексикология; фразеология; лингвистика; языковое родство; дифференциация языка
686 Индексы других классификаций __
2 Код системы rubbks
a Классификационный индекс 81я73; ст81я73
700 Автор _1
a Фамилия Камчатнов
b Имя А. М.
4 Код отношения 070
701 Альтернативная интеллектуальная ответственность _1
a Фамилия Николина
b Имя Н. А.
4 Код отношения 070
801 Источник записи _0
a Страна RU
b Организация Муниципальное бюджетное учреждение культуры "Централизованная библиотечная система" г. Сургут (Центральная городская библиотека им. А. С. Пушкина)
g Правила каталогизации ОБ/Бутенко
801 Источник записи _1
a Страна RU
b Организация Муниципальное бюджетное учреждение культуры "Централизованная библиотечная система" г. Сургут (Центральная городская библиотека им. А. С. Пушкина)
g Правила каталогизации ОБ/Бутенко
852 Данные о местонахождении __
j Шифр хранения 81я73
c Каталожный индекс 81я73
i Авторский знак К 18
p Инвентарный номер 73893
901 Тип документа __
t Тип документа m
903 Характеристики (МАРС) __
a Дата передачи 19991225
969 Тип издания __
a Тип издания пособие; учебное пособие
990 Данные о заказе (DOS) 00
j Количество экземпляров (DOS) 1
t N записи в КСУ для И/У (DOS) 200001